| 000 | 00877nam a2200265 i 4500 | ||
|---|---|---|---|
| 001 | 49935 | ||
| 003 | ES-MaACL | ||
| 005 | 20240205165143.0 | ||
| 007 | t| | ||
| 008 | 030725s1969 sp f |||| |bspa d | ||
| 040 | _cES-MaACL | ||
| 080 | _a929:7 Picasso | ||
| 100 | 1 |
_aCrespelle, Jean-Paul. _941503 _eaut |
|
| 245 | 1 | 0 |
_aPicasso : _bsus mujeres, sus amigos, su obra / _cJean-Paul Crespelle ; [traducción, Francisco Vergés]. |
| 260 |
_aBarcelona : _bTaber, _c[1969] |
||
| 300 |
_a255 páginas, [32] páginas de láminas (blanco y negro) ; _c22 cm. |
||
| 490 | 1 | _aColección grifo | |
| 500 | _aÍndice onomástico | ||
| 600 | 1 | 4 |
_aPicasso, Pablo, _d1881-1973 _991794 |
| 700 | 0 |
_aVergés, Francisco _9114102 _etrl |
|
| 852 |
_aES-MaACL _jC-38805 _xEnc. cartoné |
||
| 942 |
_cMONOGRAFIA _n0 |
||
| 999 |
_c49935 _d49935 |
||